00418nam a2200121Ia 4500003000400000005001700004008004100021040001800062041000800080100004200088245013300130260003300263OSt20260128102514.0211028s2017 xx 000 0 und d cAIMIT LIBRARY aeng aWilson, Shibin; Swapna Rose.g1516151 aProject report on perception of employees regarding performance appraisal method with reference to Maharani gold park Nilambur / aMangalorebSwapna Rosec2017